[Event "St Petersburg-ch Seniors Blitz (Women)"]
[Site "St Petersburg"]
[Date "2022.10.05"]
[Round "3"]
[White "Ivanova, Tatiana"]
[Black "Mikhaylova, Irina"]
[Result "0-1"]
[WhiteElo "2027"]
[BlackElo "2166"]
[PlyCount "105"]
[EventDate "2022.10.05"]
[EventType "swiss (blitz)"]
[EventRounds "11"]
[EventCountry "RUS"]
[SourceTitle "CBM 210 Extra"]
[Source "ChessBase"]
[SourceDate "2022.11.30"]
[SourceVersion "1"]
[SourceVersionDate "2022.11.30"]
[SourceQuality "1"]

1. d4 Nf6 2. Nf3 c5 3. d5 b5 4. Bf4 d6 5. c4 b4 6. Qc2 g6 7. e4 Bg7 8. Be2 0-0 9. Nbd2 Nbd7 10. 0-0 a5 11. a3 Ng4 12. h3 Nge5 13. axb4 cxb4 14. Nb3 Nxf3+ 15. Bxf3 a4 16. Qd2 Qb6 17. Be3 Qb8 18. Nd4 Nc5 19. Nc6 Qb7 20. Bxc5 dxc5 21. Rfe1 Re8 22. e5 Bd7 23. Nxe7+ Kh8 24. d6 Qa7 25. Qd5 Be6 26. Qc6 Reb8 27. Bd5 a3 28. bxa3 bxa3 29. Bxe6 fxe6 30. d7 Rd8 31. Qxe6 Qxd7 32. Qxd7 Rxd7 33. Nc6 Rc7 34. Nd8 Rxd8 35. Rxa3 Re7 36. f4 g5 37. Ra5 gxf4 38. Rxc5 Rde8 39. Re4 Rxe5 40. Rcxe5 Bxe5 41. Kf2 Kg7 42. Kf3 Kf6 43. c5 Rc8 44. Rc4 Ke6 45. Ke4 Ra8 46. c6 Rc8 47. Rc5 Bd6 48. Rc4 Bc7 49. Rd4 Bd6 50. Rc4 Re8 51. Kf3 Kd5 52. Rc1 Rc8 53. Rd1+ 0-1

[Event "St Petersburg-ch Seniors Blitz (Women)"]
[Site "St Petersburg"]
[Date "2022.10.05"]
[Round "6"]
[White "Khropova, Larisa"]
[Black "Ivanova, Tatiana"]
[Result "0-1"]
[WhiteElo "1931"]
[BlackElo "2027"]
[PlyCount "63"]
[EventDate "2022.10.05"]
[EventType "swiss (blitz)"]
[EventRounds "11"]
[EventCountry "RUS"]
[SourceTitle "CBM 210 Extra"]
[Source "ChessBase"]
[SourceDate "2022.11.30"]
[SourceVersion "1"]
[SourceVersionDate "2022.11.30"]
[SourceQuality "1"]

1. d4 d5 2. Nf3 Nf6 3. Bf4 e6 4. Nbd2 Be7 5. e3 0-0 6. Bd3 b6 7. Qe2 c5 8. c3 Nc6 9. 0-0 c4 10. Bc2 b5 11. Ne5 Bb7 12. h3 b4 13. e4 Nxe5 14. Bxe5 Nd7 15. exd5 Nxe5 16. Qxe5 Qxd5 17. Qxd5 Bxd5 18. Be4 Bg5 19. f4 Be7 20. Rac1 bxc3 21. bxc3 Rab8 22. Rb1 Ba3 23. Bxd5 exd5 24. Rf3 Bb2 25. Kf2 Rb6 26. Ke2 Rfb8 27. Kd1 Kf8 28. Kc2 Ba3 29. Rxb6 Rxb6 30. Kd1 Rb2 31. Ke2 Rxa2 32. Kd1 0-1

[Event "St Petersburg-ch Seniors Blitz (Women)"]
[Site "St Petersburg"]
[Date "2022.10.05"]
[Round "4"]
[White "Sorokina, Tamara"]
[Black "Ivanova, Tatiana"]
[Result "0-1"]
[WhiteElo "1928"]
[BlackElo "2027"]
[PlyCount "52"]
[EventDate "2022.10.05"]
[EventType "swiss (blitz)"]
[EventRounds "11"]
[EventCountry "RUS"]
[SourceTitle "CBM 210 Extra"]
[Source "ChessBase"]
[SourceDate "2022.11.30"]
[SourceVersion "1"]
[SourceVersionDate "2022.11.30"]
[SourceQuality "1"]

1. Nf3 d5 2. d4 Nf6 3. e3 Bg4 4. Bd3 e6 5. h3 Bh5 6. Nbd2 Bd6 7. 0-0 0-0 8. c4 c5 9. dxc5 Bxc5 10. b3 d4 11. e4 Nc6 12. e5 Nxe5 13. Qc2 Nxd3 14. Qxd3 Bg6 15. Qe2 Re8 16. Ne5 Bf5 17. g4 d3 18. Qf3 Qd4 19. gxf5 Qxe5 20. Rb1 Bd6 21. Qg2 Qxf5 22. Bb2 e5 23. Nf3 Nh5 24. Nh4 Qf6 25. Qg4 Nf4 26. Rfd1 h5 0-1

[Event "St Petersburg-ch Seniors Rapid (Women)"]
[Site "St Petersburg"]
[Date "2022.10.04"]
[Round "6"]
[White "Ivanova, Tatiana"]
[Black "Bogumil, Tatiana"]
[Result "1-0"]
[WhiteElo "2069"]
[BlackElo "2082"]
[PlyCount "90"]
[EventDate "2022.10.03"]
[EventType "swiss (rapid)"]
[EventRounds "10"]
[EventCountry "RUS"]
[SourceTitle "EXT 2024"]
[Source "ChessBase"]
[SourceDate "2023.10.10"]
[SourceVersion "1"]
[SourceVersionDate "2023.10.10"]
[SourceQuality "1"]

1. d4 Nf6 2. Nf3 c5 3. d5 b5 4. Bg5 Ne4 5. Bf4 d6 6. e3 Qa5+ 7. Nbd2 Nd7 8. c3 Nef6 9. e4 Bb7 10. Bd3 g6 11. 0-0 Bg7 12. Re1 0-0 13. a4 bxa4 14. Rxa4 Qc7 15. Qe2 Nb6 16. Ra2 a5 17. Rea1 Ra7 18. Nc4 Nxc4 19. Bxc4 Nd7 20. Bb5 Nb6 21. Qe3 Rfa8 22. h4 Ba6 23. Bc6 Bb7 24. Qxc5 Bxc6 25. Qxc6 Qxc6 26. dxc6 Ra6 27. e5 Nd5 28. exd6 Nxf4 29. Rxa5 Rxa5 30. Rxa5 Rf8 31. dxe7 Rc8 32. Ne5 Ne6 33. Rd5 Bf6 34. b4 Bxe7 35. b5 f6 36. Rd7 Kf8 37. Nc4 Nc5 38. Ra7 Ne4 39. Nb6 Rd8 40. Nd7+ Ke8 41. b6 Nd6 42. b7 Nxb7 43. cxb7 Bd6 44. Nxf6+ Kf8 45. Ra8 Bb8 1-0

[Event "St Petersburg-ch Seniors (Women)"]
[Site "St Petersburg"]
[Date "2022.09.25"]
[Round "2"]
[White "Ivanova, Tatiana"]
[Black "Kapelkina, Galina"]
[Result "1-0"]
[WhiteElo "2127"]
[BlackElo "1644"]
[PlyCount "85"]
[EventDate "2022.09.24"]
[EventType "swiss"]
[EventRounds "9"]
[EventCountry "RUS"]
[SourceTitle "CBM 210 Extra"]
[Source "ChessBase"]
[SourceDate "2022.11.30"]
[SourceVersion "1"]
[SourceVersionDate "2022.11.30"]
[SourceQuality "1"]

1. d4 Nf6 2. Nf3 d6 3. g3 Nbd7 4. Bg2 Ne4 5. 0-0 Ndf6 6. c3 c6 7. Ng5 Nxg5 8. Bxg5 h6 9. Bxf6 exf6 10. d5 Bd7 11. Qb3 Qb6 12. Nd2 Be7 13. Nc4 Qxb3 14. axb3 cxd5 15. Nb6 Rb8 16. Rxa7 Bd8 17. Nxd7 Kxd7 18. Bxd5 Bb6 19. Rxb7+ Rxb7 20. Bxb7 Re8 21. e3 Kc7 22. Bd5 Re7 23. Ra1 f5 24. Kg2 g5 25. Kf3 f6 26. Ra8 Re5 27. c4 f4 28. gxf4 gxf4 29. Kxf4 Rh5 30. Rf8 Rxh2 31. Kg3 Rh5 32. Rxf6 Bc5 33. Rf7+ Kd8 34. Rb7 Kc8 35. b4 Rg5+ 36. Kf4 Bxe3+ 37. fxe3 Rxd5 38. cxd5 Kxb7 39. e4 Kb6 40. Kf5 Kb5 41. Kg6 Kxb4 42. e5 dxe5 43. d6 1-0

[Event "St Petersburg-ch Seniors (Women)"]
[Site "St Petersburg"]
[Date "2022.09.24"]
[Round "1"]
[White "Kuznetsova, Luba"]
[Black "Ivanova, Tatiana"]
[Result "0-1"]
[WhiteElo "1935"]
[BlackElo "2127"]
[PlyCount "102"]
[EventDate "2022.09.24"]
[EventType "swiss"]
[EventRounds "9"]
[EventCountry "RUS"]
[SourceTitle "CBM 210 Extra"]
[Source "ChessBase"]
[SourceDate "2022.11.30"]
[SourceVersion "1"]
[SourceVersionDate "2022.11.30"]
[SourceQuality "1"]

1. d4 Nf6 2. c4 e6 3. Nc3 d5 4. e3 Be7 5. Nf3 0-0 6. Bd3 b6 7. 0-0 Bb7 8. Ne5 Nbd7 9. Nxd7 Qxd7 10. Qc2 dxc4 11. Be2 b5 12. a3 c5 13. Rd1 cxd4 14. Rxd4 Qc6 15. Bf3 Qb6 16. Bxb7 Qxb7 17. h3 Rfd8 18. Rxd8+ Rxd8 19. Bd2 Rd3 20. Be1 Qd7 21. Ne2 e5 22. Kf1 Nd5 23. Kg1 Nb6 24. Kf1 g6 25. Nc1 Rd5 26. e4 Rd6 27. Ke2 Bg5 28. Bb4 Rc6 29. Na2 Na4 30. Rd1 Qc7 31. Rd5 Nc5 32. Nc3 a6 33. Bxc5 Rxc5 34. Qd1 Rxd5 35. Qxd5 Qd8 36. Kd1 Qf6 37. Ke2 Qf4 38. g3 Qc1 39. Nd1 Qc2+ 40. Ke1 Bc1 41. f4 Bxb2 42. fxe5 Bxa3 43. Qd8+ Bf8 44. Qd5 Bb4+ 45. Kf1 Qd3+ 46. Kf2 Qxd5 47. exd5 c3 48. Ne3 Bc5 49. Ke2 Bxe3 50. Kxe3 Kf8 51. g4 g5 0-1

[Event "Malaya Zemlya op"]
[Site "Novorossiysk"]
[Date "2014.07.16"]
[Round "8"]
[White "Kravchenko, Daniil"]
[Black "Ivanova, Tatiana"]
[Result "1/2-1/2"]
[WhiteElo "1764"]
[BlackElo "2110"]
[PlyCount "106"]
[EventDate "2014.07.08"]
[EventType "swiss"]
[EventRounds "9"]
[EventCountry "RUS"]
[SourceTitle "CBM 161 Extra"]
[Source "ChessBase"]
[SourceDate "2014.08.29"]
[SourceVersion "1"]
[SourceVersionDate "2014.08.29"]
[SourceQuality "1"]

1. d4 Nf6 2. c4 e6 3. Nc3 d5 4. Bg5 Be7 5. e3 h6 6. Bh4 0-0 7. Nf3 Ne4 8. Bxe7 Qxe7 9. cxd5 Nxc3 10. bxc3 exd5 11. Qb3 Rd8 12. Be2 b6 13. 0-0 c5 14. dxc5 bxc5 15. Rfd1 Be6 16. Qc2 Nd7 17. h3 Rab8 18. Rab1 Rb6 19. Rxb6 axb6 20. a4 c4 21. Ra1 Nc5 22. Nd4 Bd7 23. Bf3 Qg5 24. h4 Qe5 25. Bd1 Ra8 26. Qb1 Qf6 27. Bf3 Nd3 28. Ra2 Ra5 29. Nb5 Bf5 30. Qd1 Be4 31. Bxe4 dxe4 32. Qg4 Nc5 33. Qc8+ Kh7 34. Qe8 Qe6 35. Qxe6 fxe6 36. Nd6 Rxa4 37. Rb2 Nd3 38. Rxb6 Ra1+ 39. Kh2 Nxf2 40. Nxc4 Rc1 41. Kg3 Nd1 42. Rxe6 Nxc3 43. Nd6 Re1 44. Nxe4 Rxe3+ 45. Kf4 Re2 46. g3 Nxe4 47. Rxe4 Rf2+ 48. Kg4 Kg6 49. h5+ Kh7 50. Re8 Rf6 51. Kh4 Ra6 52. Kg4 Ra1 53. Kh3 Ra4 1/2-1/2

[Event "Malaya Zemlya op"]
[Site "Novorossiysk"]
[Date "2014.07.09"]
[Round "2"]
[White "Gasanov, Zaur"]
[Black "Ivanova, Tatiana"]
[Result "1-0"]
[WhiteElo "1797"]
[BlackElo "2110"]
[PlyCount "113"]
[EventDate "2014.07.08"]
[EventType "swiss"]
[EventRounds "9"]
[EventCountry "RUS"]
[SourceTitle "CBM 161 Extra"]
[Source "ChessBase"]
[SourceDate "2014.08.29"]
[SourceVersion "1"]
[SourceVersionDate "2014.08.29"]
[SourceQuality "1"]

1. d4 Nf6 2. Nf3 e6 3. g3 d5 4. Bg2 Bd6 5. 0-0 0-0 6. c4 c6 7. b3 Nbd7 8. Bb2 Qe7 9. Qc2 Ne4 10. Nfd2 f5 11. f3 Nxd2 12. Nxd2 f4 13. gxf4 Bxf4 14. Rfd1 Qg5 15. Nf1 Rf6 16. Bc1 Rg6 17. e3 Bc7 18. f4 Qg4 19. Ng3 Nf6 20. Bb2 Nh5 21. Nxh5 Qxh5 22. Rf1 Bd7 23. Kh1 Rf8 24. Rf3 e5 25. dxe5 Rh6 26. h3 Bf5 27. Qd2 Be4 28. Rg3 Qf5 29. Kh2 Bd8 30. Bxe4 dxe4 31. Qg2 g6 32. Rd1 Bh4 33. Rg4 Be7 34. Ba1 Kf7 35. Rd4 Ke6 36. Rxe4 Bc5 37. Rg5 Rxh3+ 38. Qxh3 Qxh3+ 39. Kxh3 h6 40. Rg2 Kf5 41. Rd4 Bxd4 42. Bxd4 b6 43. b4 c5 44. bxc5 bxc5 45. Bxc5 Rc8 46. Bxa7 Rxc4 47. Bd4 Ra4 48. e6 Kxe6 49. Rxg6+ Kf5 50. Rg2 Ke4 51. Kh4 Ra5 52. Rf2 Kf5 53. Kh5 Ra6 54. Rc2 Ke4 55. Rf2 Kf5 56. Rb2 Ke4 57. Bb6 1-0

[Event "EU-Cup (Women) 17th"]
[Site "Eilat"]
[Date "2012.10.15"]
[Round "5.3"]
[White "Skripchenko, Almira"]
[Black "Ivanova, Tatiana"]
[Result "1-0"]
[WhiteElo "2437"]
[BlackElo "2173"]
[PlyCount "97"]
[EventDate "2012.10.11"]
[EventType "team-tourn"]
[EventRounds "7"]
[EventCountry "ISR"]
[SourceTitle "CBM 150 Extra"]
[Source "ChessBase"]
[SourceDate "2012.10.19"]
[SourceVersion "1"]
[SourceVersionDate "2012.10.19"]
[SourceQuality "1"]
[WhiteTeam "Monte Carlo (W)"]
[BlackTeam "Chigorin CC (W)"]
[WhiteTeamCountry "MNC"]
[BlackTeamCountry "RUS"]

1. e4 d5 2. exd5 Qxd5 3. Nc3 Qd6 4. d4 Nf6 5. Nf3 c6 6. Ne5 Nbd7 7. Nc4 Qc7 8. Qf3 Nb6 9. Bf4 Qd7 10. Nxb6 axb6 11. Be5 Qf5 12. Qe2 Be6 13. f3 Bd5 14. Qd2 Qe6 15. Ne2 g6 16. Kf2 Qf5 17. Ng3 Qd7 18. c4 Be6 19. Be2 Bg7 20. Rhd1 0-0 21. a4 Rfd8 22. Qe3 h5 23. h4 Kh7 24. b3 Bh6 25. Qc3 Ne8 26. Ne4 f6 27. Bg3 Bf5 28. Kf1 Bxe4 29. fxe4 Ng7 30. d5 cxd5 31. exd5 Nf5 32. Bf2 Qd6 33. g3 Be3 34. Bxe3 Nxg3+ 35. Ke1 Ne4 36. Qd4 Qg3+ 37. Bf2 Nxf2 38. Qxf2 Qc3+ 39. Kf1 Qh3+ 40. Kg1 Qxb3 41. Rab1 Qxa4 42. Rxb6 Qd7 43. Rdb1 Ra3 44. Rxb7 Qh3 45. Rxe7+ Kg8 46. Bf1 Qg4+ 47. Bg2 Rf8 48. c5 f5 49. Qb2 1-0

[Event "Krasnoyarsk op"]
[Site "Krasnoyarsk"]
[Date "2009.10.11"]
[Round "11"]
[White "Ivanova, Tatiana"]
[Black "Piskunov, Alexandr"]
[Result "1/2-1/2"]
[WhiteElo "2113"]
[BlackElo "2099"]
[PlyCount "75"]
[EventDate "2009.10.01"]
[EventType "swiss"]
[EventRounds "11"]
[EventCountry "RUS"]
[SourceTitle "EXT 2010"]
[Source "ChessBase"]
[SourceDate "2010.11.25"]
[SourceVersion "1"]
[SourceVersionDate "2010.11.25"]
[SourceQuality "1"]

1. e4 c5 2. Nc3 d6 3. f4 g6 4. Nf3 Bg7 5. g3 Nc6 6. Bg2 e6 7. d3 Nge7 8. 0-0 0-0 9. a4 Bd7 10. Kh1 a6 11. Bd2 Rb8 12. Rb1 b5 13. axb5 axb5 14. Ne2 d5 15. c3 b4 16. e5 Qb6 17. d4 c4 18. b3 bxc3 19. Nxc3 cxb3 20. Na4 Qa7 21. Nc5 Nf5 22. Ra1 Qc7 23. Na6 Qb6 24. Nxb8 Rxb8 25. g4 Nfe7 26. Bc3 Bc8 27. Rf2 Ba6 28. Rb2 Bc4 29. Rab1 Nb4 30. Bxb4 Qxb4 31. Nd2 Nc6 32. Nxc4 Qxc4 33. Rxb3 Rxb3 34. Qxb3 Qxb3 35. Rxb3 Nxd4 36. Rb4 Nc6 37. Rb6 Nd4 38. Rb4 1/2-1/2

[Event "Krasnoyarsk op"]
[Site "Krasnoyarsk"]
[Date "2009.10.05"]
[Round "5"]
[White "Ivanova, Tatiana"]
[Black "Trapeznikova, Darya"]
[Result "1-0"]
[WhiteElo "2113"]
[BlackElo "1993"]
[PlyCount "109"]
[EventDate "2009.10.01"]
[EventType "swiss"]
[EventRounds "11"]
[EventCountry "RUS"]
[SourceTitle "EXT 2010"]
[Source "ChessBase"]
[SourceDate "2010.11.25"]
[SourceVersion "1"]
[SourceVersionDate "2010.11.25"]
[SourceQuality "1"]

1. e4 d6 2. f4 Nf6 3. Nc3 g6 4. Nf3 Bg7 5. g3 0-0 6. Bg2 c5 7. d3 Nc6 8. 0-0 Rb8 9. a4 a6 10. h3 b5 11. axb5 axb5 12. Ne2 c4 13. Be3 Bd7 14. Kh2 Qc7 15. Ned4 b4 16. Qd2 Ne8 17. dxc4 Nxd4 18. Nxd4 Qxc4 19. Ra7 e5 20. fxe5 dxe5 21. Rxd7 exd4 22. Bxd4 Rc8 23. Rf2 Qb5 24. Rd5 Qb8 25. Bc5 Rxc5 26. Rxc5 Be5 27. Rxe5 Qxe5 28. Qxb4 h5 29. Qd2 Qxb2 30. Qf4 Ng7 31. e5 Qb5 32. c4 Qc5 33. Bd5 Qe7 34. Qf6 Qxf6 35. Rxf6 g5 36. Rg6 Kh7 37. Rf6 Kg8 38. g4 h4 39. Kg2 Ne6 40. Bxe6 fxe6 41. Rxf8+ Kxf8 42. Kf3 Ke7 43. Ke3 Kd7 44. Kd3 Kc6 45. Kc2 Kb6 46. Kb3 Ka5 47. Ka3 Kb6 48. Kb4 Kc6 49. c5 Kd5 50. Kb5 Kxe5 51. c6 Kf4 52. c7 Kg3 53. c8Q Kxh3 54. Qxe6 Kg3 55. Qf5 1-0

[Event "Sibiria Region-ch (Women)"]
[Site "Novokuznetsk"]
[Date "2008.03.21"]
[Round "9"]
[White "Ubiennykh, Ekaterina"]
[Black "Ivanova, Tatiana"]
[Result "1-0"]
[WhiteElo "2289"]
[BlackElo "2122"]
[PlyCount "45"]
[EventDate "2008.03.13"]
[EventType "swiss"]
[EventRounds "9"]
[EventCountry "RUS"]
[SourceTitle "CBM 123 Extra"]
[Source "ChessBase"]
[SourceDate "2008.05.06"]
[SourceVersion "1"]
[SourceVersionDate "2008.05.06"]
[SourceQuality "1"]

1. d4 d5 2. c4 e6 3. Nc3 Nf6 4. cxd5 exd5 5. Bg5 Be7 6. e3 c6 7. Bd3 Nbd7 8. Qc2 Nh5 9. Bxe7 Qxe7 10. Nf3 g6 11. 0-0-0 Ndf6 12. Ne5 Ng7 13. h3 Be6 14. g4 Nd7 15. f4 Nxe5 16. dxe5 f5 17. exf6 Qxf6 18. f5 gxf5 19. gxf5 Bf7 20. Rhg1 0-0-0 21. Nb5 Kb8 22. Qh2+ Ka8 23. Nc7+ 1-0

[Event "RUS-ch (Women) 1st League 57th"]
[Site "Obninsk"]
[Date "2007.03.01"]
[Round "6"]
[White "Tomilova, Elena"]
[Black "Ivanova, Tatiana"]
[Result "1-0"]
[WhiteElo "2295"]
[BlackElo "2145"]
[PlyCount "91"]
[EventDate "2007.02.24"]
[EventType "swiss"]
[EventRounds "9"]
[EventCountry "RUS"]
[SourceTitle "EXT 2010"]
[Source "ChessBase"]
[SourceDate "2010.11.25"]
[SourceVersion "1"]
[SourceVersionDate "2010.11.25"]
[SourceQuality "1"]

1. d4 d5 2. Nf3 Nf6 3. Bf4 c5 4. e3 Nc6 5. c3 Qb6 6. Qc1 cxd4 7. exd4 Bf5 8. Be2 h6 9. Ne5 Rc8 10. Nxc6 Rxc6 11. a4 a6 12. Nd2 e6 13. a5 Qd8 14. Nf3 Bd6 15. Ne5 Rc8 16. Qe3 0-0 17. g4 Bxe5 18. Bxe5 Nxg4 19. Bxg4 Bxg4 20. Rg1 f6 21. Rxg4 fxe5 22. Qxh6 Qf6 23. Qxf6 Rxf6 24. dxe5 Rf5 25. f4 Rc4 26. Ra3 Re4+ 27. Kd2 Rexf4 28. Rxf4 Rxf4 29. Rb3 Rf7 30. Rb6 Re7 31. Ke3 Kf7 32. Kd4 Rc7 33. b3 Ke7 34. Rd6 Rc8 35. c4 dxc4 36. bxc4 Rh8 37. Rb6 Rd8+ 38. Kc5 Rc8+ 39. Kb4 Rc7 40. c5 Kd7 41. Rd6+ Ke7 42. Rb6 Kd7 43. c6+ Rxc6 44. Rxb7+ Rc7 45. Rxc7+ Kxc7 46. Kc5 1-0

[Event "Izmailov Memorial op 11th"]
[Site "Tomsk"]
[Date "2007.??.??"]
[Round "?"]
[White "Kovalishin, Igor"]
[Black "Ivanova, Tatiana"]
[Result "1-0"]
[WhiteElo "1972"]
[BlackElo "2145"]
[PlyCount "33"]
[EventDate "2007.06.25"]
[EventType "swiss"]
[EventRounds "9"]
[EventCountry "RUS"]
[SourceTitle "EXT 2008"]
[Source "ChessBase"]
[SourceDate "2007.11.25"]
[SourceVersion "1"]
[SourceVersionDate "2007.11.25"]
[SourceQuality "1"]

1. e4 d5 2. exd5 Qxd5 3. Nc3 Qd6 4. d4 Nf6 5. Bd3 a6 6. Nge2 g6 7. Bf4 Qd8 8. Qd2 Bg7 9. 0-0-0 0-0 10. h4 Nc6 11. h5 Nxh5 12. Rxh5 gxh5 13. Bh6 e5 14. Ng3 exd4 15. Bxg7 dxc3 16. Qh6 cxb2+ 17. Bxb2 1-0

[Event "Izmailov Memorial op 11th"]
[Site "Tomsk"]
[Date "2007.??.??"]
[Round "?"]
[White "Tuzhik, Artem"]
[Black "Ivanova, Tatiana"]
[Result "1-0"]
[WhiteElo "2328"]
[BlackElo "2145"]
[PlyCount "83"]
[EventDate "2007.06.25"]
[EventType "swiss"]
[EventRounds "9"]
[EventCountry "RUS"]
[SourceTitle "EXT 2008"]
[Source "ChessBase"]
[SourceDate "2007.11.25"]
[SourceVersion "1"]
[SourceVersionDate "2007.11.25"]
[SourceQuality "1"]

1. e4 d5 2. exd5 Qxd5 3. Nf3 Bg4 4. Be2 Nf6 5. 0-0 e6 6. d4 Be7 7. Be3 c6 8. Nbd2 0-0 9. h3 Bh5 10. c4 Qd8 11. g4 Bg6 12. Ne5 Nbd7 13. h4 Nxe5 14. dxe5 Ne8 15. h5 Bd3 16. h6 g6 17. f4 f6 18. Nf3 Bxe2 19. Qxe2 Qa5 20. exf6 Bxf6 21. g5 Be7 22. Bd4 Qf5 23. Nh4 Qh3 24. Ng2 Bd6 25. Rae1 c5 26. Bc3 Nc7 27. Rd1 Rad8 28. Rxd6 Rxd6 29. Qe5 Rd7 30. Qh8+ Kf7 31. Qxh7+ Ke8 32. Qxg6+ Kd8 33. Qe4 Kc8 34. Qf3 Rd3 35. Qxh3 Rxh3 36. g6 Rxh6 37. Bg7 Rfh8 38. Bxh8 Rxh8 39. f5 exf5 40. Rxf5 Ne6 41. Nf4 Nd4 42. g7 1-0

[Event "EU-ch U18 Girls"]
[Site "Herceg Novi"]
[Date "2006.09.19"]
[Round "9"]
[White "Ivanova, Tatiana"]
[Black "Congiu, Mathilde"]
[Result "1/2-1/2"]
[WhiteElo "2158"]
[BlackElo "2115"]
[PlyCount "90"]
[EventDate "2006.09.10"]
[EventType "swiss"]
[EventRounds "9"]
[EventCountry "MNE"]
[SourceTitle "CBM 114 Extra"]
[Source "ChessBase"]
[SourceDate "2006.11.03"]
[SourceVersion "1"]
[SourceVersionDate "2006.11.03"]
[SourceQuality "1"]

1. e4 e5 2. Nf3 Nc6 3. Nc3 Nf6 4. d4 exd4 5. Nxd4 Bb4 6. Nxc6 dxc6 7. Qxd8+ Kxd8 8. f3 Be6 9. Bg5 h6 10. Bh4 Bd6 11. 0-0-0 Ke7 12. Kb1 Rad8 13. Bd3 g5 14. Bf2 Rhg8 15. Rde1 Nd7 16. Be2 f6 17. g3 Bf7 18. Be3 Bc5 19. Bxc5+ Nxc5 20. f4 gxf4 21. gxf4 Ne6 22. Rhf1 Rg2 23. f5 Nd4 24. Bd3 Rxh2 25. e5 fxe5 26. Rxe5+ Kf6 27. Re3 Bd5 28. b3 Rh5 29. Nxd5+ Rxd5 30. Re8 Rd7 31. Kb2 Re7 32. Rd8 Nb5 33. Rg1 Rg5 34. Rh1 Kg7 35. Bc4 Rxf5 36. Rg8+ Kh7 37. Rhg1 Rg5 38. R1xg5 hxg5 39. Rxg5 Nd6 40. Bd3+ Kh6 41. Rg8 Rg7 42. Rf8 Kg5 43. Rf1 Rf7 44. Re1 Kf6 45. Be2 Re7 1/2-1/2

[Event "EU-ch U18 Girls"]
[Site "Herceg Novi"]
[Date "2006.09.17"]
[Round "7"]
[White "Ivanova, Tatiana"]
[Black "Purtseladze, Maka"]
[Result "1/2-1/2"]
[WhiteElo "2158"]
[BlackElo "2329"]
[PlyCount "104"]
[EventDate "2006.09.10"]
[EventType "swiss"]
[EventRounds "9"]
[EventCountry "MNE"]
[SourceTitle "CBM 114 Extra"]
[Source "ChessBase"]
[SourceDate "2006.11.03"]
[SourceVersion "1"]
[SourceVersionDate "2006.11.03"]
[SourceQuality "1"]

1. e4 c6 2. c4 d5 3. cxd5 cxd5 4. exd5 Nf6 5. Qa4+ Nbd7 6. Nc3 g6 7. Nf3 Bg7 8. Bc4 0-0 9. d3 Nb6 10. Qb3 Bg4 11. Ng5 h6 12. Nge4 Nxe4 13. dxe4 e6 14. Be3 Nxc4 15. Qxc4 Rc8 16. Qb3 exd5 17. exd5 b6 18. 0-0 Qd7 19. a4 Rfd8 20. f3 Bf5 21. Rfd1 Qe7 22. Bf2 Bxc3 23. bxc3 Qe2 24. Qb5 Qc4 25. Qxc4 Rxc4 26. a5 bxa5 27. Rxa5 Rxc3 28. Rxa7 Rd3 29. Rxd3 Bxd3 30. Bd4 g5 31. Kf2 Rxd5 32. Ra8+ Kh7 33. Ke3 Bb1 34. Rh8+ Kg6 35. Rg8+ Kf5 36. Rh8 Kg6 37. Rg8+ Kf5 38. Rh8 Kg6 39. Rg8+ Kf5 40. g4+ Ke6 41. Rh8 f5 42. Rxh6+ Kf7 43. gxf5 Bxf5 44. h4 gxh4 45. Rxh4 Rb5 46. Rh6 Bg6 47. Rh2 Rb3+ 48. Kf4 Rb4 49. Ke3 Rb3+ 50. Kf4 Rb4 51. Ke3 Rb3+ 52. Kf4 Rb4 1/2-1/2